| 000 | 00521nam a22001937a 4500 | ||
|---|---|---|---|
| 003 | OSt | ||
| 005 | 20140310183649.0 | ||
| 008 | 130813t xxu||||| |||| 00| 0 eng d | ||
| 020 | _a9789812596512 | ||
| 050 |
_aRM 301 _b.K26 2006 |
||
| 100 | _aKee, Joyce LeFever | ||
| 245 |
_aPharmacology : _ba nursing process approach / _cJoyce LeFever Kee |
||
| 250 | _a5th ed. | ||
| 260 |
_aPhilippines : _bElsevier, _c2006. |
||
| 300 |
_a992 p. : _bill. ; _c27 cm. |
||
| 521 | _aPSYCH | ||
| 942 |
_2lcc _cBK _kFOR |
||
| 999 |
_c26011 _d26011 |
||